Jak legálne ušetřit na dani z příjmu

Rekapitulácia najčastejších legálnych techník optimalizácie dane z príjmov, ktoré poskytujú daňové zákony ČR daňovým poplatníkom.

Salvato in:
Dettagli Bibliografici
Autore principale: Proks, Michal
Natura: Capitolo di libro
Lingua:ceco
Soggetti:
Tags: Aggiungi Tag
Nessun Tag, puoi essere il primo ad aggiungerne!!

MARC

LEADER 00000naa a2200000 4500
001 0162467
005 20230925093830.7
041 0 |a cze 
044 |a CZ 
245 1 0 |a Jak legálne ušetřit na dani z příjmu  |c Michal Proks 
520 |a Rekapitulácia najčastejších legálnych techník optimalizácie dane z príjmov, ktoré poskytujú daňové zákony ČR daňovým poplatníkom. 
610 2 0 |a Česko 
610 2 0 |a dane z príjmov 
610 2 0 |a daňovníci 
610 2 0 |a základ dane 
610 2 0 |a povinnosť daňová 
610 2 0 |a priznania daňové 
610 2 0 |a účtovníctvo daňové 
100 1 |a Proks, Michal